[Event "Titled Tuesday intern op 20th May Late"]
[Site "Chess.com INT"]
[Date "2025.05.20"]
[Round "9"]
[White "Aravindh, Chithambaram VR"]
[Black "Zou, Chen"]
[Result "1-0"]
[WhiteElo "2749"]
[BlackElo "2443"]
[PlyCount "83"]
[EventDate "2025.05.20"]
[EventType "swiss (blitz)"]
[EventRounds "11"]
[EventCountry "USA"]
[SourceTitle "CB22_2025"]
[SourceDate "2025.05.28"]
[SourceVersion "1"]
[SourceVersionDate "2025.05.28"]
[SourceQuality "1"]

1. Nf3 d6 2. d4 Nd7 3. Nc3 c6 4. e4 g6 5. Bd3 Bg7 6. 0-0 Ngf6 7. Be3 e5 8. h3 0-0 9. a4 a5 10. Re1 Qc7 11. Qd2 Re8 12. Rad1 Nf8 13. Bh6 Ne6 14. Bxg7 Kxg7 15. Ne2 exd4 16. Nfxd4 Nc5 17. Nc3 Bd7 18. Qf4 Nh5 19. Qh2 Rad8 20. g4 Nf6 21. g5 Ng8 22. Bc4 Be6 23. Nxe6+ Nxe6 24. h4 h5 25. b3 Nc5 26. Rd4 Ne7 27. Red1 Nc8 28. f4 Nb6 29. f5 Nxc4 30. Rxc4 gxf5 31. exf5 Re3 32. Qf4 Rde8 33. Rxc5 Qb6 34. Qxd6 R8e5 35. Qf6+ Kg8 36. Rd8+ Re8 37. Rxe8+ Rxe8 38. Qd6 Rd8 39. Qe7 Rd4 40. Qe8+ Kg7 41. f6+ Kh7 42. Qxf7+ 1-0

[Event "Titled Tuesday intern op 20th May Late"]
[Site "Chess.com INT"]
[Date "2025.05.20"]
[Round "8"]
[White "Kosakowski, Jakub"]
[Black "Zou, Chen"]
[Result "0-1"]
[WhiteElo "2530"]
[BlackElo "2443"]
[PlyCount "98"]
[EventDate "2025.05.20"]
[EventType "swiss (blitz)"]
[EventRounds "11"]
[EventCountry "USA"]
[SourceTitle "CB22_2025"]
[SourceDate "2025.05.28"]
[SourceVersion "1"]
[SourceVersionDate "2025.05.28"]
[SourceQuality "1"]

1. e4 c6 2. d4 d5 3. Nc3 dxe4 4. Nxe4 Nf6 5. Qd3 g6 6. Nxf6+ exf6 7. Nf3 Bg7 8. Be2 0-0 9. 0-0 b5 10. a4 a6 11. Bf4 Be6 12. Nd2 Nd7 13. Bf3 Rc8 14. axb5 axb5 15. b3 Nb6 16. c4 bxc4 17. bxc4 f5 18. Be3 f4 19. Bxf4 Bxd4 20. Ra3 Bc5 21. Qc3 Bxa3 22. Bh6 f6 23. Qxa3 Rf7 24. Qc3 Bf5 25. c5 Nd5 26. Qd4 Ne7 27. Qb2 Rb8 28. Qa2 Ra8 29. Qb2 Be6 30. Re1 Bd5 31. Bd1 Nf5 32. Bf4 Re7 33. Rf1 Kg7 34. h3 Ra2 35. Qc3 Qa5 36. Qd3 Ra3 37. Qb1 Ra1 38. Qb8 Qa8 39. Qb2 Rb7 40. Qc3 Qa3 41. Qc2 Rb2 42. Nc4 Rxc2 43. Nxa3 Rxc5 44. Nc2 Rxd1 45. Rxd1 Rxc2 46. Ra1 Ra2 47. Re1 g5 48. Bc7 Kg6 49. g3 Nd4 0-1

[Event "Titled Tuesday intern op 01st Apr Early"]
[Site "Chess.com INT"]
[Date "2025.04.01"]
[Round "2"]
[White "Zou, Chen"]
[Black "Lopez Rayo, Isabella"]
[Result "1-0"]
[WhiteElo "2443"]
[BlackElo "2014"]
[PlyCount "67"]
[EventDate "2025.04.01"]
[EventType "swiss (blitz)"]
[EventRounds "11"]
[EventCountry "USA"]
[SourceTitle "CB15_2025"]
[SourceDate "2025.04.09"]
[SourceVersion "1"]
[SourceVersionDate "2025.04.09"]
[SourceQuality "1"]

1. e3 e5 2. d4 exd4 3. exd4 d5 4. Nf3 Nf6 5. Bd3 Bd6 6. 0-0 0-0 7. h3 h6 8. Re1 Nc6 9. c3 Be6 10. Nbd2 Qd7 11. Nf1 Rfe8 12. Ne3 Ne4 13. Nd2 f5 14. Nf3 f4 15. Nf1 Bxh3 16. gxh3 Qxh3 17. N3h2 Ng5 18. Rxe8+ Rxe8 19. f3 Qh4 20. Bd2 Nh3+ 21. Kg2 Nf2 22. Be1 Rxe1 23. Qxe1 Qh3+ 24. Kxf2 Ne7 25. Ke2 c5 26. Kd2 cxd4 27. Qf2 dxc3+ 28. bxc3 h5 29. Re1 Nf5 30. Bxf5 Qxf5 31. Qd4 Qd7 32. Qxd5+ Kh8 33. Re6 Qa4 34. Rxd6 1-0

[Event "Titled Tuesday intern op 25th Feb Early"]
[Site "Chess.com INT"]
[Date "2025.02.25"]
[Round "6"]
[White "Naroditsky, Daniel"]
[Black "Zou, Chen"]
[Result "0-1"]
[WhiteElo "2619"]
[BlackElo "2443"]
[PlyCount "160"]
[EventDate "2025.02.25"]
[EventType "swiss (blitz)"]
[EventRounds "11"]
[EventCountry "USA"]
[SourceTitle "CB10_2025"]
[SourceDate "2025.03.05"]
[SourceVersion "1"]
[SourceVersionDate "2025.03.05"]
[SourceQuality "1"]

1. e4 e5 2. Nf3 Nc6 3. Bb5 Nf6 4. 0-0 Nxe4 5. d4 Nd6 6. Ba4 e4 7. Ne5 Be7 8. Nc3 0-0 9. Re1 a6 10. Bf4 Bf6 11. Nxe4 Nxe4 12. Rxe4 Ne7 13. Ng4 Nd5 14. Nxf6+ Nxf6 15. Re1 h6 16. c3 d6 17. Bc2 Bg4 18. Qd3 Bh5 19. Qg3 Kh8 20. h3 Qd7 21. Qh4 Bg6 22. Bb3 Ng8 23. Re3 Rfe8 24. Rg3 Qf5 25. Rc1 Re4 26. Rf3 Bh5 27. g4 Rxf4 28. Bc2 Rxg4+ 29. hxg4 Qxf3 30. gxh5 Re8 31. Qg3 Qxg3+ 32. fxg3 Nf6 33. Bb3 d5 34. Kf1 c6 35. Rd1 Nxh5 36. Kf2 Nf6 37. Kf3 g6 38. c4 Kg7 39. Rc1 dxc4 40. Bxc4 Re7 41. Rc3 h5 42. a4 Ne4 43. Rd3 Ng5+ 44. Kf2 Ne4+ 45. Kf3 Nf6 46. a5 g5 47. Rb3 g4+ 48. Kg2 Kg6 49. Bd3+ Kg5 50. Rc3 Nd5 51. Rc5 f5 52. Kf2 h4 53. gxh4+ Kxh4 54. Rc1 Kg5 55. Rh1 f4 56. Rh8 g3+ 57. Kg2 Nf6 58. Rf8 Rd7 59. Be2 Rxd4 60. Rf7 Rb4 61. Rg7+ Kf5 62. Bd3+ Ke6 63. b3 Ke5 64. Bc4 Nd5 65. Kf3 Ne3 66. Rg5+ Kd4 67. Bg8 Nd5 68. Rg7 Rxb3+ 69. Kg4 g2 70. Kh4 f3 71. Rg4+ Ke3 72. Bh7 Kf2 73. Kh5 g1Q 74. Rxg1 Kxg1 75. Kh6 f2 76. Bg6 f1Q 77. Kh7 Qf2 78. Kg7 Rg3 79. Kh7 Qf6 80. Kh6 Qxg6# 0-1

[Event "Titled Tuesday intern op 25th Feb Early"]
[Site "Chess.com INT"]
[Date "2025.02.25"]
[Round "8"]
[White "Zou, Chen"]
[Black "Sanal, Vahap"]
[Result "1/2-1/2"]
[WhiteElo "2443"]
[BlackElo "2557"]
[PlyCount "143"]
[EventDate "2025.02.25"]
[EventType "swiss (blitz)"]
[EventRounds "11"]
[EventCountry "USA"]
[SourceTitle "CB10_2025"]
[SourceDate "2025.03.05"]
[SourceVersion "1"]
[SourceVersionDate "2025.03.05"]
[SourceQuality "1"]

1. e4 e5 2. Nf3 Nc6 3. Bb5 a6 4. Ba4 Nf6 5. 0-0 Be7 6. Re1 b5 7. Bb3 0-0 8. c3 Na5 9. Bc2 d5 10. d4 dxe4 11. Nxe5 c5 12. Bg5 Bb7 13. dxc5 Qc7 14. Bxf6 Rad8 15. Qe2 Bxf6 16. Ng4 Bg5 17. Ne3 Bxe3 18. Qxe3 Nc4 19. Qc1 Qxc5 20. b3 Ne5 21. Qe3 Qxe3 22. Rxe3 f5 23. Na3 Rd2 24. Rd1 Rxd1+ 25. Bxd1 Rd8 26. Bc2 Rd2 27. Re1 Nd3 28. Rd1 e3 29. Rxd2 exd2 30. Nb1 Nc1 31. Nxd2 Ne2+ 32. Kf1 Nxc3 33. a3 g6 34. b4 Kf7 35. Nb3 Na4 36. Nd4 Nb6 37. f3 Bd5 38. Ke2 Kf6 39. Kd3 Nc4 40. Bb3 Ke5 41. Bxc4 Bxc4+ 42. Kc3 f4 43. Nc6+ Kd6 44. Nb8 g5 45. Nxa6 Bf1 46. g3 Be2 47. gxf4 gxf4 48. Kd4 Bxf3 49. Nc5 Bc6 50. Nd3 f3 51. Ke3 Kd5 52. Kxf3 Kc4+ 53. Ke3 Kb3 54. Kd4 Kxa3 55. Kc3 Be8 56. h4 h5 57. Nf4 Ka4 58. Nd3 Ka3 59. Nf4 Ka2 60. Kd4 Kb3 61. Kc5 Kc3 62. Nd5+ Kd3 63. Nf6 Bf7 64. Kxb5 Kd4 65. Kc6 Ke5 66. Nd7+ Kf4 67. b5 Bg6 68. Nc5 Be8+ 69. Kb6 Kg4 70. Ne6 Kxh4 71. Ng7 Bxb5 72. Nxh5 1/2-1/2

[Event "Qatar Masters op-A"]
[Site "Doha"]
[Date "2024.12.05"]
[Round "3"]
[White "Pranesh, Munirethinam"]
[Black "Zou, Chen"]
[Result "1-0"]
[WhiteElo "2582"]
[BlackElo "2449"]
[PlyCount "131"]
[EventDate "2024.12.03"]
[EventType "swiss"]
[EventRounds "9"]
[EventCountry "QAT"]
[SourceTitle "CB51_2024"]
[SourceDate "2024.12.18"]
[SourceVersion "1"]
[SourceVersionDate "2024.12.18"]
[SourceQuality "1"]

1. e4 c5 2. Nc3 a6 3. f4 b5 4. Nf3 Bb7 5. d3 d6 6. g3 Nd7 7. Bg2 e6 8. 0-0 Be7 9. g4 h6 10. e5 h5 11. g5 b4 12. Ne4 d5 13. Nd6+ Bxd6 14. exd6 Nf8 15. f5 Qxd6 16. Qe2 Ne7 17. Ne5 Nxf5 18. g6 fxg6 19. Bg5 h4 20. Rae1 h3 21. Bh1 Rh5 22. Qg4 Rxg5 23. Qxg5 Qe7 24. Qg4 0-0-0 25. c3 bxc3 26. bxc3 Qf6 27. Rf2 Nd7 28. Nxg6 Qxc3 29. Rxe6 Nd4 30. Qf4 Bc6 31. Ne7+ Kb7 32. Re3 Rf8 33. Nxd5 Bxd5 34. Bxd5+ Kc8 35. Bf7 Rxf7 36. Re8+ Kb7 37. Qe4+ Kb6 38. Rxf7 Nf6 39. Qb7+ Ka5 40. Rxf6 gxf6 41. Qc7+ Kb4 42. Qb6+ Ka3 43. Qxa6+ Kb2 44. Qb7+ Ka1 45. Qe4 Kxa2 46. Kf2 f5 47. Qd5+ Kb2 48. Rb8+ Kc2 49. Qc4 Kd2 50. Qxc3+ Kxc3 51. Rc8 Nb3 52. Rd8 Kd2 53. Kg3 Nc1 54. d4 Ne2+ 55. Kxh3 c4 56. d5 c3 57. d6 c2 58. Rc8 Nf4+ 59. Kg3 Ne6 60. d7 c1Q 61. Rxc1 Kxc1 62. h4 Kd2 63. Kf2 Kd3 64. h5 Ke4 65. h6 Ke5 66. h7 1-0

[Event "Nanjing New Vigorous op 4th"]
[Site "Nanjing"]
[Date "2024.11.23"]
[Round "6"]
[White "Zou, Chen"]
[Black "Chen, Zhi"]
[Result "1-0"]
[WhiteElo "2408"]
[BlackElo "1982"]
[PlyCount "97"]
[EventDate "2024.11.21"]
[EventType "swiss"]
[EventRounds "9"]
[EventCountry "CHN"]
[SourceTitle "CB48_2024"]
[SourceDate "2024.11.28"]
[SourceVersion "1"]
[SourceVersionDate "2024.11.28"]
[SourceQuality "1"]

1. d4 Nf6 2. c4 e6 3. Nf3 d5 4. g3 Bb4+ 5. Bd2 Be7 6. Bg2 c6 7. Qc2 0-0 8. 0-0 Nbd7 9. Rd1 b6 10. Bf4 Bb7 11. Nc3 Re8 12. Ne5 Nh5 13. Bc1 Qc8 14. e4 Nhf6 15. Bf4 dxe4 16. Nxd7 Qxd7 17. Nxe4 Rad8 18. c5 Nd5 19. Bd6 Ba8 20. a3 Rf8 21. b4 Bxd6 22. Nxd6 Qe7 23. Rac1 Rxd6 24. cxd6 Qxd6 25. Qa4 Qd7 26. h4 Rd8 27. Qc2 h6 28. Qe2 Ne7 29. Be4 Qd6 30. Qe1 Nd5 31. Bf3 Qe7 32. Qe5 Bb7 33. Bg2 Kh7 34. Re1 Qd7 35. Bf3 Kg8 36. Bg2 Qd6 37. Qxd6 Rxd6 38. Bxd5 Rxd5 39. Rcd1 a5 40. Re5 a4 41. Rxd5 exd5 42. Rc1 b5 43. f3 f5 44. Kf2 Kf7 45. Ke3 g5 46. hxg5 hxg5 47. Rh1 Bc8 48. Rh7+ Ke6 49. Rg7 1-0

[Event "Nanjing New Vigorous op 4th"]
[Site "Nanjing"]
[Date "2024.11.21"]
[Round "2"]
[White "Pang, Tao"]
[Black "Zou, Chen"]
[Result "1/2-1/2"]
[WhiteElo "2333"]
[BlackElo "2408"]
[PlyCount "99"]
[EventDate "2024.11.21"]
[EventType "swiss"]
[EventRounds "9"]
[EventCountry "CHN"]
[SourceTitle "CB48_2024"]
[SourceDate "2024.11.28"]
[SourceVersion "1"]
[SourceVersionDate "2024.11.28"]
[SourceQuality "1"]

1. d4 Nf6 2. c4 e6 3. Nf3 d5 4. Nc3 Be7 5. Bf4 0-0 6. e3 Nbd7 7. c5 Nh5 8. Bd3 Nxf4 9. exf4 c6 10. 0-0 b6 11. b4 a5 12. a3 Ba6 13. Re1 Bxd3 14. Qxd3 Bf6 15. Na4 axb4 16. axb4 bxc5 17. bxc5 Qc7 18. g3 Ra7 19. Reb1 Rfa8 20. Qd1 Ra6 21. Nb2 Rxa1 22. Rxa1 Rxa1 23. Qxa1 Qb7 24. Nd3 g6 25. Kg2 Qb5 26. Qa3 Kg7 27. h4 h5 28. Nde5 Bxe5 29. fxe5 Nf8 30. Qe3 Qb1 31. Qf4 Nh7 32. Nd2 Qc2 33. Qe3 Qb2 34. Nf3 Qc2 35. Ne1 Qc4 36. Qd2 Nf8 37. Nc2 Nh7 38. Nb4 Qb5 39. Qc3 Nf8 40. Nc2 Nh7 41. Ne3 Qb1 42. Qc2 Qb4 43. Qd3 Nf8 44. g4 hxg4 45. Nxg4 Nh7 46. Qe3 Qb1 47. Qh6+ Kh8 48. Nf6 g5 49. hxg5 Qf1+ 50. Kxf1 1/2-1/2

[Event "Titled Tuesday intern op 17th Sep Late"]
[Site "Chess,com INT"]
[Date "2024.09.17"]
[Round "7"]
[White "Atanasov, Anthony"]
[Black "Zou, Chen"]
[Result "1-0"]
[WhiteElo "2392"]
[BlackElo "2449"]
[PlyCount "77"]
[EventDate "2024.09.17"]
[EventType "swiss (blitz)"]
[EventRounds "11"]
[EventCountry "USA"]
[SourceTitle "EXT 2025"]
[Source "ChessBase"]
[SourceDate "2024.10.14"]
[SourceVersion "1"]
[SourceVersionDate "2024.10.14"]
[SourceQuality "1"]

1. d4 Nf6 2. Bf4 g6 3. Nd2 Bg7 4. e3 d6 5. Ngf3 0-0 6. c3 c5 7. dxc5 dxc5 8. h3 Nc6 9. Be2 b6 10. 0-0 Bb7 11. e4 Qc8 12. Qc2 Rd8 13. Rfd1 Nh5 14. Be3 Qc7 15. a4 Nf4 16. Bf1 Rd7 17. Nc4 Rad8 18. Rxd7 Rxd7 19. a5 b5 20. a6 Ba8 21. Na3 b4 22. Nb5 Qb8 23. Bxc5 bxc3 24. bxc3 Ne6 25. Be3 Qc8 26. Rd1 Rxd1 27. Qxd1 Qxa6 28. Nxa7 Qa5 29. Qd7 Nxa7 30. Qe8+ Bf8 31. Qxa8 Qxc3 32. Qxa7 Qc2 33. Qa8 Qd1 34. Qd5 Qb1 35. Ng5 Nxg5 36. Bxg5 Qa1 37. Qd8 Qe5 38. Bh6 Qxe4 39. Qxf8# 1-0

[Event "Titled Tuesday intern op 17th Sep Late"]
[Site "Chess,com INT"]
[Date "2024.09.17"]
[Round "5"]
[White "Domingo Nunez, Ruben"]
[Black "Zou, Chen"]
[Result "0-1"]
[WhiteElo "2390"]
[BlackElo "2449"]
[PlyCount "76"]
[EventDate "2024.09.17"]
[EventType "swiss (blitz)"]
[EventRounds "11"]
[EventCountry "USA"]
[SourceTitle "EXT 2025"]
[Source "ChessBase"]
[SourceDate "2024.10.14"]
[SourceVersion "1"]
[SourceVersionDate "2024.10.14"]
[SourceQuality "1"]

1. Nf3 Nf6 2. g3 g6 3. Bg2 Bg7 4. b3 0-0 5. Bb2 c5 6. c4 Nc6 7. 0-0 d6 8. d4 cxd4 9. Nxd4 Bd7 10. Nc3 Rc8 11. Nc2 a6 12. Rc1 Re8 13. Qd2 Qa5 14. Rfd1 Qh5 15. Ne3 Bh6 16. Ne4 Ng4 17. h4 Nxe3 18. fxe3 Ne5 19. Bd4 Bc6 20. Nf2 Bxg2 21. Kxg2 Ng4 22. Nxg4 Qxg4 23. Qd3 Qe6 24. a4 Rc6 25. Rf1 Rec8 26. Rcd1 f6 27. h5 Qf7 28. Qe4 gxh5 29. Rf5 Bg5 30. Rh1 e5 31. Bb2 Kg7 32. Kf2 b5 33. axb5 axb5 34. cxb5 Rc2 35. Ba3 Qxb3 36. Bxd6 Qxb5 37. Bxe5 Qxe2+ 38. Kg1 Rc1+ 0-1

[Event "Titled Tuesday intern op 17th Sep Early"]
[Site "Chess,com INT"]
[Date "2024.09.17"]
[Round "9"]
[White "Dzhumagaliev, Yan"]
[Black "Zou, Chen"]
[Result "1/2-1/2"]
[WhiteElo "2411"]
[BlackElo "2449"]
[PlyCount "131"]
[EventDate "2024.09.17"]
[EventType "swiss (blitz)"]
[EventRounds "11"]
[EventCountry "USA"]
[SourceTitle "EXT 2025"]
[Source "ChessBase"]
[SourceDate "2024.10.14"]
[SourceVersion "1"]
[SourceVersionDate "2024.10.14"]
[SourceQuality "1"]

1. Nf3 Nf6 2. h4 d5 3. h5 h6 4. d4 Bf5 5. c4 c6 6. Nc3 e6 7. Qb3 Qc8 8. c5 Nbd7 9. Bf4 Be7 10. Rc1 Bd8 11. e3 Bc7 12. Bd6 Bxd6 13. cxd6 Qb8 14. Qa3 0-0 15. Ne5 Rd8 16. g4 Bh7 17. f4 Ne8 18. g5 hxg5 19. fxg5 Bf5 20. g6 Nxd6 21. gxf7+ Nxf7 22. Nxf7 Kxf7 23. Be2 Rh8 24. Kd2 Nf6 25. Rcf1 Qc7 26. b4 a6 27. Qb3 Rh6 28. a4 Rah8 29. b5 a5 30. Rhg1 Nxh5 31. e4 Nf4 32. exf5 exf5 33. Rf2 Rh2 34. Rgf1 g5 35. Qb1 Kf6 36. Bd3 Qb6 37. Ne2 Qc7 38. Nxf4 Qxf4+ 39. Ke1 Rxf2 40. Rxf2 Qe3+ 41. Be2 Qc3+ 42. Kd1 Qxd4+ 43. Ke1 Rh1+ 44. Rf1 Qh4+ 45. Kd1 Qd4+ 46. Ke1 Qc3+ 47. Kd1 Rxf1+ 48. Bxf1 Qd4+ 49. Bd3 Qxa4+ 50. Ke2 Qg4+ 51. Kd2 Qf4+ 52. Kc2 Qa4+ 53. Kd2 Qb4+ 54. Qxb4 axb4 55. b6 Ke7 56. Ba6 Kd6 57. Bxb7 Kc5 58. Bc8 Kxb6 59. Bxf5 c5 60. Kc2 c4 61. Bg4 Kc5 62. Kb2 d4 63. Kc2 d3+ 64. Kd2 Kd4 65. Bf5 c3+ 66. Kc1 1/2-1/2

[Event "Titled Tuesday intern op 17th Sep Early"]
[Site "Chess,com INT"]
[Date "2024.09.17"]
[Round "3"]
[White "Firman, Nazar"]
[Black "Zou, Chen"]
[Result "0-1"]
[WhiteElo "2472"]
[BlackElo "2449"]
[PlyCount "126"]
[EventDate "2024.09.17"]
[EventType "swiss (blitz)"]
[EventRounds "11"]
[EventCountry "USA"]
[SourceTitle "EXT 2025"]
[Source "ChessBase"]
[SourceDate "2024.10.14"]
[SourceVersion "1"]
[SourceVersionDate "2024.10.14"]
[SourceQuality "1"]

1. e4 e5 2. Bc4 Nf6 3. d3 c6 4. Nf3 d5 5. exd5 cxd5 6. Bb5+ Bd7 7. Bxd7+ Nbxd7 8. 0-0 Bd6 9. Re1 0-0 10. c4 h6 11. b3 Re8 12. Bb2 d4 13. Nbd2 Nc5 14. Nf1 a5 15. Ng3 g6 16. Qe2 Nfd7 17. Rad1 Bf8 18. h4 h5 19. Ne4 Bg7 20. Neg5 Ne6 21. Nxe6 Rxe6 22. Ng5 Re8 23. Qf3 Bf6 24. Ne4 Bxh4 25. Nd6 Rf8 26. Nxb7 Qc7 27. Ba3 Rfb8 28. Nd6 Bf6 29. Qd5 Nb6 30. Qf3 Bg7 31. Nb5 Qd7 32. Bd6 Re8 33. Bc7 Qe6 34. Nxd4 Qd7 35. Bxb6 exd4 36. Re4 Rxe4 37. Qxe4 Re8 38. Qf3 a4 39. b4 h4 40. a3 Re6 41. Bc5 Be5 42. b5 Rf6 43. Qd5 Qf5 44. Rf1 h3 45. gxh3 Qg5+ 46. Qg2 Qf5 47. b6 Qxd3 48. b7 Kg7 49. Re1 Bf4 50. Bb4 Qxc4 51. Re8 Qc1+ 52. Qf1 Qc6 53. b8Q Bxb8 54. Rxb8 Qe6 55. Qg2 d3 56. Qg3 Qe4 57. Bf8+ Kh7 58. Qg5 Qe1+ 59. Kg2 Rxf2+ 60. Kg3 Rf5+ 61. Kg4 Qe4+ 62. Kg3 Rxg5+ 63. Kh2 Rg2+ 0-1

[Event "Titled Tuesday intern op 17th Sep Late"]
[Site "Chess,com INT"]
[Date "2024.09.17"]
[Round "9"]
[White "Pakleza, Zbigniew"]
[Black "Zou, Chen"]
[Result "1-0"]
[WhiteElo "2483"]
[BlackElo "2449"]
[PlyCount "111"]
[EventDate "2024.09.17"]
[EventType "swiss (blitz)"]
[EventRounds "11"]
[EventCountry "USA"]
[SourceTitle "EXT 2025"]
[Source "ChessBase"]
[SourceDate "2024.10.14"]
[SourceVersion "1"]
[SourceVersionDate "2024.10.14"]
[SourceQuality "1"]

1. d4 Nf6 2. Nf3 e6 3. Bf4 b6 4. e3 Bb7 5. h3 Be7 6. Be2 0-0 7. 0-0 c5 8. c3 d6 9. Nbd2 Nbd7 10. Bh2 d5 11. Rc1 Rc8 12. Ne5 Nxe5 13. Bxe5 Bd6 14. f4 Ne8 15. Bd3 f6 16. Bxd6 Nxd6 17. Qh5 f5 18. Nf3 Qf6 19. g4 g6 20. Qg5 Qxg5 21. fxg5 Nf7 22. h4 Rfe8 23. Kg2 Re7 24. Kg3 Rf8 25. Rf2 fxg4 26. Nh2 e5 27. Nxg4 exd4 28. exd4 Nd6 29. Nf6+ Kg7 30. Rcf1 Rff7 31. h5 gxh5 32. Nxh5+ Kg8 33. Nf6+ Kg7 34. Rh2 Ne4+ 35. Bxe4 dxe4 36. Rxh7+ Kg6 37. Rh6+ Kxg5 38. Rfh1 Kf5 39. R1h5+ Ke6 40. Nd5+ Kd7 41. Nxe7 e3 42. Re5 Rg7+ 43. Kf4 cxd4 44. Nf5 d3 45. Rxe3 Rg3 46. Nxg3 d2 47. Rd3+ Kc7 48. Rxd2 Bc6 49. Rf6 Bd7 50. Nf5 Bc6 51. Ne3 Kb7 52. Ng4 Ka6 53. Ne5 Kb5 54. Rxc6 a6 55. Rd5+ Ka4 56. Rc4# 1-0

[Event "Titled Tuesday intern op 17th Sep Late"]
[Site "Chess,com INT"]
[Date "2024.09.17"]
[Round "10"]
[White "Rogov, Matfey"]
[Black "Zou, Chen"]
[Result "0-1"]
[WhiteElo "2188"]
[BlackElo "2449"]
[PlyCount "88"]
[EventDate "2024.09.17"]
[EventType "swiss (blitz)"]
[EventRounds "11"]
[EventCountry "USA"]
[SourceTitle "EXT 2025"]
[Source "ChessBase"]
[SourceDate "2024.10.14"]
[SourceVersion "1"]
[SourceVersionDate "2024.10.14"]
[SourceQuality "1"]

1. e4 c5 2. Nf3 d6 3. d4 cxd4 4. Nxd4 Nf6 5. Nc3 a6 6. a3 e6 7. Be3 Qc7 8. g4 h6 9. Bg2 Nbd7 10. f4 b5 11. Qe2 Bb7 12. 0-0-0 Rc8 13. h4 h5 14. g5 Ng4 15. g6 Nc5 16. gxf7+ Qxf7 17. f5 e5 18. Nf3 Qc7 19. Ng5 Na4 20. Rd3 Qc4 21. Bd2 Nc5 22. Bf3 Nxd3+ 23. cxd3 Qb3 24. Bxg4 hxg4 25. Qxg4 d5 26. Ne6 Bxa3 27. Qg6+ Kd7 28. Qxg7+ Kd6 29. bxa3 Rxc3+ 30. Bxc3 Qxc3+ 31. Kb1 Qb3+ 32. Ka1 Qxa3+ 33. Kb1 Qxd3+ 34. Ka1 Qc3+ 35. Kb1 Qb4+ 36. Ka1 Qa3+ 37. Kb1 Qb3+ 38. Ka1 Qa4+ 39. Kb1 Qxe4+ 40. Ka2 Qa4+ 41. Kb2 Rc8 42. Rc1 Qb4+ 43. Ka2 Qd2+ 44. Kb3 Qxc1 0-1

[Event "Titled Tuesday intern op 17th Sep Late"]
[Site "Chess,com INT"]
[Date "2024.09.17"]
[Round "2"]
[White "Zou, Chen"]
[Black "Domingo Nunez, Alejandro"]
[Result "1-0"]
[WhiteElo "2449"]
[BlackElo "2328"]
[PlyCount "55"]
[EventDate "2024.09.17"]
[EventType "swiss (blitz)"]
[EventRounds "11"]
[EventCountry "USA"]
[SourceTitle "EXT 2025"]
[Source "ChessBase"]
[SourceDate "2024.10.14"]
[SourceVersion "1"]
[SourceVersionDate "2024.10.14"]
[SourceQuality "1"]

1. e4 g6 2. d4 Bg7 3. c3 c6 4. Bd3 d5 5. Nd2 dxe4 6. Nxe4 Nf6 7. Nf3 0-0 8. 0-0 a5 9. a4 Na6 10. Re1 Nc7 11. Bg5 Ncd5 12. Qd2 Re8 13. h3 Nxe4 14. Bxe4 Be6 15. Bc2 Qc8 16. Rad1 b5 17. Ne5 f6 18. Nxg6 fxg5 19. Ne5 Nf4 20. g3 Nxh3+ 21. Kg2 Rf8 22. f3 Rf6 23. Rh1 Rh6 24. Qe2 Qf8 25. Ng4 Bc4 26. Nxh6+ Bxh6 27. Qe4 Qf7 28. Rxh3 1-0

[Event "Titled Tuesday intern op 17th Sep Early"]
[Site "Chess,com INT"]
[Date "2024.09.17"]
[Round "5"]
[White "Zou, Chen"]
[Black "Grebnev, Aleksey"]
[Result "1/2-1/2"]
[WhiteElo "2449"]
[BlackElo "2530"]
[PlyCount "113"]
[EventDate "2024.09.17"]
[EventType "swiss (blitz)"]
[EventRounds "11"]
[EventCountry "USA"]
[SourceTitle "EXT 2025"]
[Source "ChessBase"]
[SourceDate "2024.10.14"]
[SourceVersion "1"]
[SourceVersionDate "2024.10.14"]
[SourceQuality "1"]

1. e4 e6 2. d4 d5 3. Nd2 Be7 4. c3 c5 5. exd5 exd5 6. Ngf3 Nf6 7. Bd3 0-0 8. 0-0 Nc6 9. dxc5 Bxc5 10. Nb3 Bb6 11. Nfd4 Bg4 12. f3 Bh5 13. Be3 Bg6 14. Bxg6 hxg6 15. Bf2 Ne5 16. Qc2 Nc4 17. Nd2 Nd6 18. Rfe1 Rc8 19. Qd3 Qd7 20. Re2 Rfe8 21. Rae1 Rxe2 22. Rxe2 Re8 23. h3 Rxe2 24. Qxe2 Kf8 25. Qd3 Qa4 26. Qb1 Nb5 27. Nxb5 Qxb5 28. Nb3 Bxf2+ 29. Kxf2 Qb6+ 30. Nd4 Nd7 31. Qc2 Nc5 32. b3 Ne6 33. Qd2 g5 34. g3 Ke7 35. Ke2 Nxd4+ 36. cxd4 f6 37. Kf2 Kd6 38. Qc3 a5 39. a3 Qb5 40. Qc2 b6 41. Qc3 Qd7 42. g4 Ke6 43. Qe3+ Kf7 44. Qc3 Qd6 45. Kg2 Ke7 46. a4 Kd7 47. Qd3 Kc7 48. Qc3+ Kb7 49. Qd3 Qa3 50. Kf2 Qb2+ 51. Kg3 Qc1 52. Kg2 Qe1 53. Qf5 Qe2+ 54. Kg3 Qe1+ 55. Kg2 Qe2+ 56. Kg3 Qe1+ 57. Kg2 1/2-1/2

[Event "Titled Tuesday intern op 10th Sep Early"]
[Site "Chess,com INT"]
[Date "2024.09.10"]
[Round "3"]
[White "Badelka, Olga"]
[Black "Zou, Chen"]
[Result "1-0"]
[WhiteElo "2430"]
[BlackElo "2449"]
[PlyCount "81"]
[EventDate "2024.09.10"]
[EventType "swiss (blitz)"]
[EventRounds "11"]
[EventCountry "USA"]
[SourceTitle "EXT 2025"]
[Source "ChessBase"]
[SourceDate "2024.10.14"]
[SourceVersion "1"]
[SourceVersionDate "2024.10.14"]
[SourceQuality "1"]

1. c4 e6 2. Nc3 d5 3. d4 Nf6 4. cxd5 exd5 5. Bg5 Be7 6. e3 c6 7. Bd3 0-0 8. Nge2 Nh5 9. Bxe7 Qxe7 10. Qc2 g6 11. 0-0 Nd7 12. Rab1 Qg5 13. b4 Ndf6 14. b5 Bh3 15. Ng3 Nxg3 16. hxg3 Bd7 17. bxc6 Bxc6 18. Ne2 Rac8 19. Qd1 Rfe8 20. Nf4 h5 21. Bb5 Re7 22. Bxc6 Rxc6 23. Rb5 a6 24. Rb3 Rec7 25. Qb1 b5 26. Nd3 Ne4 27. Rb2 Rc3 28. Nf4 Nf6 29. a4 bxa4 30. Rb8+ Kh7 31. Qb4 Rb3 32. Qd6 Rd7 33. Qf8 Rxb8 34. Qxb8 h4 35. Rc1 hxg3 36. Rc8 gxf2+ 37. Kf1 Ne4 38. Rh8+ Kg7 39. Ne6+ Kf6 40. Nxg5 Kxg5 41. Qf4# 1-0

[Event "Titled Tuesday intern op 10th Sep Early"]
[Site "Chess,com INT"]
[Date "2024.09.10"]
[Round "2"]
[White "Zou, Chen"]
[Black "Munoz, Francisco Javier"]
[Result "0-1"]
[WhiteElo "2449"]
[BlackElo "2389"]
[PlyCount "104"]
[EventDate "2024.09.10"]
[EventType "swiss (blitz)"]
[EventRounds "11"]
[EventCountry "USA"]
[SourceTitle "EXT 2025"]
[Source "ChessBase"]
[SourceDate "2024.10.14"]
[SourceVersion "1"]
[SourceVersionDate "2024.10.14"]
[SourceQuality "1"]

1. d4 Nf6 2. c4 e6 3. Nf3 d5 4. Nc3 Nbd7 5. cxd5 exd5 6. Bg5 c6 7. e3 h6 8. Bh4 Be7 9. Bd3 0-0 10. 0-0 Re8 11. Qc2 Ne4 12. Bxe7 Qxe7 13. Bxe4 dxe4 14. Nd2 Nf6 15. Rab1 a6 16. b4 Bf5 17. a4 Nd5 18. Qb2 Qg5 19. Ne2 Re6 20. Ng3 Bh7 21. b5 h5 22. bxc6 bxc6 23. Qb8+ Qd8 24. Qxd8+ Rxd8 25. Nxh5 Bg6 26. Ng3 c5 27. dxc5 Nc3 28. Rb2 Nxa4 29. Rc2 Nxc5 30. Rxc5 Rxd2 31. h4 f6 32. h5 Be8 33. Rc4 Bb5 34. Rc8+ Kh7 35. Rfc1 Re5 36. R1c7 Rd7 37. Rxd7 Bxd7 38. Ra8 Bb5 39. Ra7 Bd3 40. Kh2 Kh6 41. Kh3 a5 42. Kh4 Bc2 43. Ra8 Kh7 44. Rc8 Bd3 45. Ra8 Bc2 46. Kg4 a4 47. Kf4 Rc5 48. Ra7 Rc3 49. Nf5 a3 50. Rxg7+ Kh8 51. Ra7 Bb1 52. h6 a2 0-1